Lead sheet manual volume 1 : lead sheet flashings (Record no. 101932)

MARC details
000 -LEADER
fixed length control field 01049cam a2200253 4500
001 - CONTROL NUMBER
control field J117063
008 - FIXED-LENGTH DATA ELEMENTS--GENERAL INFORMATION
fixed length control field 020308n1990 000 0 eng u
035 ## - SYSTEM CONTROL NUMBER
System control number (Sirsi) u117063
041 ## - LANGUAGE CODE
Language code of text/sound track or separate title eng.
050 ## - LIBRARY OF CONGRESS CALL NUMBER
Classification number 693.74
110 ## - MAIN ENTRY--CORPORATE NAME
Corporate name or jurisdiction name as entry element Lead Sheet Association
9 (RLIN) 4237
245 ## - TITLE STATEMENT
Title Lead sheet manual volume 1 : lead sheet flashings
260 ## - PUBLICATION, DISTRIBUTION, ETC.
Place of publication, distribution, etc. Pembury
Name of publisher, distributor, etc. Lead Sheet Association
Date of publication, distribution, etc. 1990
300 ## - PHYSICAL DESCRIPTION
Extent 68p.
Other physical details ill.
Dimensions 30cm.
350 ## - PRICE (NR) (BK AM CF MU VM SE) [OBSOLETE]
Price 22.50
520 ## - SUMMARY, ETC.
Summary, etc. This first of three Lead Sheet Technical Manuals details the use of lead sheet for flashings to slated and tiled roofs and other materials, its partnership with other materials and its use in applications such as abutments, chimneys and pitched valley gutters. Includes detailed drawings, charts, and illustrations. For details of volumes 2 and 3 see: J11491 and J11492.
520 ## - SUMMARY, ETC.
Summary, etc. Superseded by L131140.
650 ## - SUBJECT ADDED ENTRY--TOPICAL TERM
Topical term or geographic name entry element LEAD SHEET FLASHINGS
650 ## - SUBJECT ADDED ENTRY--TOPICAL TERM
Topical term or geographic name entry element LEAD
650 ## - SUBJECT ADDED ENTRY--TOPICAL TERM
Topical term or geographic name entry element LEAD SHEET ROOFS
650 ## - SUBJECT ADDED ENTRY--TOPICAL TERM
Topical term or geographic name entry element ROLLED LEAD SHEET
690 ## - LOCAL SUBJECT ADDED ENTRY--TOPICAL TERM (OCLC, RLIN)
Topical term or geographic name as entry element BUILT ENVIRONMENT-BUILDING MATERIALS
942 ## - ADDED ENTRY ELEMENTS (KOHA)
Suppress in OPAC 0
Holdings
Withdrawn status Lost status Source of classification or shelving scheme Damaged status Not for loan Home library Current library Shelving location Date acquired Cost, normal purchase price Total Checkouts Full call number Barcode Date last seen Date last checked out Copy number Cost, replacement price Price effective from Koha item type
    Dewey Decimal Classification     London London Folio 15/05/2002 80.00 22 F693.74 LEA 30065825 06/08/2019 07/09/2009 1 80.00 06/08/2019 Book